000 00502nam a2200181Ia 4500
003 GCL
008 140319s9999 xx 000 0 ara d
040 _aGCL /
_cGCL
082 0 4 _aط
_b229.3
_bي د
100 1 _aيسرى شعيب
245 1 0 _aالدعاء دواء لكل داء /
_cيسرى شعيب
300 _aمتعدد ؛
_c20 سم
490 _aاطفالنا
_v0
650 0 4 _aالاطفال
650 0 4 _aقصص الاطفال
650 0 4 _aالقصص الدينية
942 _2ddc
_cBK
999 _c38966
_d38966